[Event "Challenge"]
[Site "http://www.queenalice.com/game.php?id=1069562"]
[Date "2012.6.8"]
[Round "-"]
[White "weezul"]
[Black "Vladimir"]
[Result "1-0"]
[WhiteElo "1663"]
[BlackElo "1770"]

1. d4 d5 2. e3 Nf6 3. c4 dxc4 4. Bxc4 Nc6 5. Nc3 e6 6. Nf3 Bb4 7. O-O Bxc3 8.
bxc3 h6 9. Ba3 Ne4 10. Ne5 Nxe5 11. dxe5 Qxd1 12. Rfxd1 Nxc3 13. Rd3 Na4 14.
Rad1 f6 15. Rd8+ Kf7 16. Rxh8 fxe5 17. Rf8+ 1-0

[Event "Challenge"]
[Site "http://www.queenalice.com/game.php?id=1070607"]
[Date "2012.6.11"]
[Round "-"]
[White "rvdornel"]
[Black "weezul"]
[Result "1-0"]
[WhiteElo "1743"]
[BlackElo "1702"]

1. e4 c6 2. d4 d5 3. Nc3 e6 4. Nf3 Bb4 5. Bd2 Nf6 6. e5 Nh5 7. Ng5 h6 8. Nxf7
Kxf7 9. Qxh5+ g6 10. Qf3+ Kg7 11. Bd3 Rf8 12. Qh3 Rh8 13. f4 Nd7 14. O-O c5 15.
Be3 cxd4 16. Bxd4 b6 17. a3 Bc5 18. Bxc5 Nxc5 19. b4 Nxd3 20. cxd3 Ba6 21. Rfd1
Rc8 22. Rac1 d4 23. Ne2 Qd7 24. Ra1 Rhf8 25. a4 Bb7 26. Ng3 Rc2 27. Ne4 Bxe4 28.
dxe4 Rxf4 29. Qd3 Rc3 30. Qxd4 Qxd4+ 31. Rxd4 g5 32. Rf1 Rxf1+ 33. Kxf1 Ra3 34.
Rd7+ Kg6 35. Rxa7 b5 36. Re7 Ra1+ 37. Kf2 bxa4 38. Rxe6+ Kg7 39. Ra6 Kf7 40. Kg3
h5 41. e6+ Ke7 42. b5 Ra3+ 43. Kf2 Rb3 44. Rxa4 Rxb5 45. Ra2 Kxe6 46. Re2 Ke5
47. Re3 Rb4 48. Kf3 g4+ 49. Kg3 Rxe4 50. Rxe4+ Kxe4 51. Kh4 Kf4 52. g3+ Kf3 53.
Kxh5 1-0

[Event "And another"]
[Site "http://www.queenalice.com/game.php?id=1076431"]
[Date "2012.6.26"]
[Round "-"]
[White "rvdornel"]
[Black "weezul"]
[Result "1-0"]
[WhiteElo "1771"]
[BlackElo "1688"]

1. e4 e5 2. Nf3 d6 3. d4 f6 4. dxe5 fxe5 5. Nc3 a6 6. Nd5 Nf6 7. Bg5 h6 8. Nxf6+
gxf6 9. Be3 Bg4 10. Be2 Nc6 11. Nh4 Bxe2 12. Qxe2 Qd7 13. Qh5+ Qf7 14. Qxf7+
Kxf7 15. O-O-O Rg8 16. g3 Nb4 17. a3 Nc6 18. Nf5 Rg6 19. h4 h5 20. Rdg1 Rd8 21.
f3 d5 22. Rd1 d4 23. Bd2 b5 24. Rdg1 a5 25. g4 hxg4 26. fxg4 Be7 27. h5 Rg7 28.
Nxg7 Kxg7 29. g5 fxg5 30. Bxg5 Bxg5+ 31. Rxg5+ Kh6 32. Rg6+ 1-0

[Event "Challenge"]
[Site "http://www.queenalice.com/game.php?id=1076454"]
[Date "2012.6.26"]
[Round "-"]
[White "yasseryack"]
[Black "weezul"]
[Result "0-1"]
[WhiteElo "1750"]
[BlackElo "1675"]

1. e4 c6 2. d4 d5 3. e5 e6 4. Bf4 g6 5. Nf3 Bg7 6. c4 b5 7. cxb5 Qa5+ 8. Nc3
cxb5 9. Bxb5+ Bd7 10. Bxd7+ Nxd7 11. O-O Ne7 12. a4 O-O 13. Bd2 Qb6 14. Rb1 Nf5
15. Nb5 a6 16. Nc3 Nxd4 17. Nxd4 Qxd4 18. Be3 Qxe5 19. Bd4 Qxd4 20. Qxd4 Bxd4
21. Ne2 Bb6 22. b4 Ne5 23. a5 Ba7 24. Rfd1 Rab8 25. h3 Nc6 26. Rd3 Rxb4 27. Rxb4
Nxb4 28. Rc3 f5 29. Nf4 e5 30. Ne6 Rb8 31. Rc7 Ra8 32. Rb7 Bb8 33. Rxb4 e4 34.
Nd8 Bd6 35. Rb6 Rxd8 36. Rxa6 Bb4 37. Kf1 d4 38. Ke2 d3+ 39. Kd1 d2 40. Ra7 Bc5
41. Rb7 Bxf2 42. a6 e3 43. Rb1 e2+ 44. Kxe2 Be3 45. Kd1 Rc8 46. Ke2 Rc1 47. Kxe3
d1=Q 48. Rb8+ Kg7 49. a7 Rc3+ 50. Kf4 Qd4+ 0-1

[Event "Challenge"]
[Site "http://www.queenalice.com/game.php?id=1076457"]
[Date "2012.6.26"]
[Round "-"]
[White "weezul"]
[Black "yasseryack"]
[Result "1-0"]
[WhiteElo "1653"]
[BlackElo "1800"]

1. d4 e6 2. c4 g6 3. Nc3 Bg7 4. e3 Nc6 5. Nf3 Nge7 6. d5 exd5 7. cxd5 Bxc3+ 8.
bxc3 Nb8 9. Bb5 a6 10. Bc4 d6 11. e4 Bg4 12. h3 Bxf3 13. Qxf3 Nd7 14. Bh6 Ne5
15. Qe2 Nxc4 16. Qxc4 Rg8 17. O-O b5 18. Qe2 Qd7 19. Qf3 f5 20. Rfe1 O-O-O 21.
Bg5 fxe4 22. Qxe4 Rde8 23. Qd4 Nf5 24. Qa7 Rxe1+ 25. Rxe1 c6 26. Qa8+ Kc7 27.
Qxg8 h6 28. dxc6 Kxc6 29. Qa8+ Kb6 30. Bd8+ Kc5 31. g4 Ng7 32. Re7 Qc6 33. Rc7
Qxc7 34. Bxc7 Ne6 35. Qa7+ Kc4 36. Bxd6 Kxc3 37. Qe3+ 1-0

[Event "Challenge"]
[Site "http://www.queenalice.com/game.php?id=1077615"]
[Date "2012.6.29"]
[Round "-"]
[White "Andrei_78"]
[Black "weezul"]
[Result "0-1"]
[WhiteElo "1706"]
[BlackElo "1698"]

1. e4 c6 2. h3 d5 3. exd5 cxd5 4. d4 e6 5. a3 Nc6 6. c3 Nf6 7. Bb5 a6 8. Bxc6+
bxc6 9. Nd2 Bd6 10. Ngf3 O-O 11. O-O c5 12. dxc5 Bxc5 13. Nb3 Bd6 14. Bg5 Be7
15. Bxf6 Bxf6 16. Qd3 Qb6 17. Qc2 Bb7 18. Rfd1 Rac8 19. Nbd2 Rfd8 20. Nb3 a5 21.
Nbd2 e5 22. Rab1 d4 23. Ne4 Qc6 24. Nxf6+ Qxf6 25. Re1 d3 26. Qd2 Qg6 27. Rxe5
Bxf3 28. Rg5 Qe4 29. gxf3 Qe2 30. Rd1 Qxf3 31. Rg3 Qf6 32. Re1 Rc5 33. Ree3 Rf5
34. Rxd3 Rxd3 35. Rxd3 h5 36. Rd8+ Kh7 37. Rd4 Rg5+ 38. Kf1 Qg6 39. h4 Rg1+ 40.
Ke2 Qe6+ 41. Kd3 Rg2 42. Kc2 Qf5+ 43. Rd3 Rxf2 44. Qxf2 Qxf2+ 45. Kb3 f5 46. Rd5
Qb6+ 47. Ka2 Qe6 48. c4 f4 49. Rxh5+ Kg6 50. Rg5+ Kf7 51. Kb3 f3 52. h5 f2 53.
Rg3 f1=Q 54. Rc3 Qd1+ 55. Ka2 a4 56. h6 gxh6 0-1

[Event "Challenge"]
[Site "http://www.queenalice.com/game.php?id=1077633"]
[Date "2012.6.29"]
[Round "-"]
[White "soudeDeus"]
[Black "weezul"]
[Result "1-0"]
[WhiteElo "1529"]
[BlackElo "1725"]

1. g3 d5 2. Bg2 e6 3. b3 Nc6 4. Bb2 Bd7 5. Na3 Bd6 6. Bxg7 Bxa3 7. Bxh8 f6 8.
Nh3 Nh6 9. Bg7 Nf5 10. Bh8 Qe7 11. d3 O-O-O 12. Bxf6 Qxf6 13. Rb1 Bb4+ 14. Kf1
Ne3+ 15. Kg1 Nxd1 16. Rxd1 Bc5 17. c4 e5 18. Rf1 dxc4 19. dxc4 Nd4 20. Re1 Nc2
21. Rd1 Rf8 22. Rf1 Ne3 23. Re1 Nxg2 24. Kxg2 Bxh3+ 25. Kxh3 Bxf2 26. Ref1 e4
27. e3 Qh6+ 28. Kg2 Bxe3 29. Rxf8+ Qxf8 30. Rf1 Qa3 31. Re1 Qxa2+ 32. Kh3 Qxb3
33. Kg4 Qc3 34. Re2 Bg1 35. h4 Qf3+ 36. Kg5 Qxe2 37. g4 Qd2+ 38. Kh5 1-0

[Event "Challenge"]
[Site "http://www.queenalice.com/game.php?id=1077970"]
[Date "2012.6.30"]
[Round "-"]
[White "Andrei_78"]
[Black "weezul"]
[Result "0-1"]
[WhiteElo "1708"]
[BlackElo "1694"]

1. e4 Nf6 2. d3 d5 3. exd5 Nxd5 4. Bd2 e6 5. a3 Nc6 6. Nf3 Bd6 7. Be2 Bd7 8. h3
Nf4 9. Bxf4 Bxf4 10. O-O Qe7 11. c3 O-O-O 12. d4 a6 13. Nbd2 h5 14. Nc4 g5 15.
Nh2 g4 16. hxg4 Bxh2+ 17. Kxh2 hxg4+ 18. Kg1 Qh4 19. f4 g3 0-1

[Event "Challenge"]
[Site "http://www.queenalice.com/game.php?id=1078149"]
[Date "2012.7.1"]
[Round "-"]
[White "renet54"]
[Black "weezul"]
[Result "0-1"]
[WhiteElo "1707"]
[BlackElo "1677"]

1. e4 c5 2. Nc3 g6 3. Nf3 Bg7 4. Bc4 e6 5. O-O Nc6 6. Nb5 Nge7 7. Nd6+ Kf8 8. d3
Qc7 9. Bg5 Qxd6 10. Re1 h6 11. Be3 Bxb2 12. Rb1 Bc3 13. Re2 Ne5 14. Bf4 N7c6 15.
Qc1 Nxf3+ 16. Kh1 Be5 17. gxf3 Bxf4 18. Qb2 Nd4 19. e5 Bxe5 20. Re4 Nxf3 21.
Rxe5 Nxe5 22. Bb3 b6 23. f4 Bb7+ 24. Kg1 Nf3+ 25. Kf2 Qd4+ 0-1

[Event "Challenge"]
[Site "http://www.queenalice.com/game.php?id=1078150"]
[Date "2012.7.1"]
[Round "-"]
[White "weezul"]
[Black "renet54"]
[Result "1-0"]
[WhiteElo "1681"]
[BlackElo "1704"]

1. d4 Nf6 2. c4 g6 3. e3 c6 4. Nc3 Bg7 5. Nf3 O-O 6. Bd3 d6 7. O-O Bg4 8. Ne4
Nxe4 9. Bxe4 f5 10. Bc2 d5 11. cxd5 Qxd5 12. Bb3 Qxb3 13. Qxb3+ Kh8 14. Qxb7 Nd7
15. Qxd7 Bxf3 16. Qxe7 Be2 17. Re1 Bc4 18. b3 Bd5 19. Ba3 Bf6 20. Qb7 Rfe8 21.
Bc5 a5 22. f3 h5 23. e4 fxe4 24. fxe4 Bh4 25. g3 Bg5 26. exd5 1-0

[Event "Challenge"]
[Site "http://www.queenalice.com/game.php?id=1084242"]
[Date "2012.7.18"]
[Round "-"]
[White "weezul"]
[Black "Omar"]
[Result "1-0"]
[WhiteElo "1734"]
[BlackElo "1616"]

1. d4 d5 2. c4 dxc4 3. e3 b5 4. b3 Be6 5. Nf3 a5 6. Nc3 c6 7. e4 a4 8. bxa4 bxa4
9. Nxa4 h6 10. Nc5 Na6 11. Nxe6 Qd6 12. Bxc4 fxe6 13. O-O Qb4 14. Bxe6 Rd8 15.
Be3 Nc5 16. Rb1 Qa3 17. Ne5 Nxe6 18. Ng6 Rh7 19. Nxf8 Nxf8 20. Re1 Ne6 21. Qh5+
Kf8 22. Qf5+ Ke8 23. Qxh7 Nf6 24. Qg6+ Kf8 25. Rb6 Ng5 26. Rxc6 Qb4 27. Rec1 Nf7
28. Rc8 Rxc8 29. Rxc8+ Ne8 30. g4 Qa4 31. Kg2 Qxa2 32. e5 Qb2 33. Qc6 Nxe5 34.
Qxe8# 1-0

[Event "Challenge"]
[Site "http://www.queenalice.com/game.php?id=1085234"]
[Date "2012.7.21"]
[Round "-"]
[White "Shizumaru_Hisame"]
[Black "weezul"]
[Result "0-1"]
[WhiteElo "1712"]
[BlackElo "1711"]

1. e3 d5 2. Nf3 g6 3. Ne5 Bg7 4. d4 Nc6 5. Bb5 Bxe5 6. dxe5 e6 7. Qg4 Bd7 8.
Bxc6 Bxc6 9. O-O Qe7 10. Qd4 Nh6 11. e4 Qh4 12. g3 Nf5 13. Qd2 Qxe4 14. Qc3
O-O-O 15. h3 d4 16. Qc5 Qh1# 0-1

[Event "Challenge"]
[Site "http://www.queenalice.com/game.php?id=1086053"]
[Date "2012.7.23"]
[Round "-"]
[White "weezul"]
[Black "Andrei_78"]
[Result "1-0"]
[WhiteElo "1714"]
[BlackElo "1674"]

1. d4 d5 2. g3 Nc6 3. Bg2 h6 4. Nf3 e6 5. O-O Nf6 6. Nc3 a6 7. a3 Bd6 8. Re1 O-O
9. e4 dxe4 10. Nxe4 Nxe4 11. Rxe4 f5 12. Re1 Qf6 13. c3 b5 14. Ne5 Nxe5 15. dxe5
Bxe5 16. Bxa8 Bd7 17. Qxd7 Rxa8 18. Re3 Rd8 19. Qc6 Rb8 20. Qxa6 Rb6 21. Qa8+
Kh7 22. Bd2 Rd6 23. a4 bxa4 24. Be1 Rd8 25. Qxa4 c5 26. Qb5 Rb8 27. Qxc5 Rxb2
28. Rxe5 Rb7 29. Ra6 Rb1 30. Kg2 Rc1 31. Raxe6 Qf7 32. Qe3 Rd1 33. c4 Rd7 34.
Re7 Rxe7 35. Rxe7 Qxc4 36. Bc3 Qd5+ 37. f3 Qa2+ 38. Bd2 Qa6 39. Qe5 Qg6 40. Bxh6
Qxh6 41. Qxf5+ Qg6 42. Qxg6+ Kxg6 43. h4 Kf6 44. Re4 Kf5 45. g4+ Kf6 46. f4 g6
47. Re5 Kf7 48. f5 gxf5 49. Rxf5+ Kg6 50. h5+ Kh6 51. Kh3 Kg7 52. g5 1-0

[Event "Challenge"]
[Site "http://www.queenalice.com/game.php?id=1088025"]
[Date "2012.7.28"]
[Round "-"]
[White "plot24"]
[Black "weezul"]
[Result "1-0"]
[WhiteElo "1765"]
[BlackElo "1694"]

1. d4 d5 2. c4 c6 3. cxd5 cxd5 4. Nf3 Bd7 5. Nc3 Nf6 6. e3 e6 7. g3 Be7 8. Bg2
O-O 9. O-O Nc6 10. Re1 Bb4 11. Bd2 Ne4 12. Nxe4 Bxd2 13. Nexd2 Rc8 14. e4 Re8
15. exd5 exd5 16. Rxe8+ Qxe8 17. Qb3 Be6 18. Rc1 Nxd4 19. Rxc8 Qxc8 20. Nxd4
Qc1+ 21. Nf1 b6 22. Qa4 g6 23. Qe8+ Kg7 24. Nxe6+ fxe6 25. Qe7+ Kh6 26. Qf8+ Kg5
27. f4+ Kg4 28. h3+ Kh5 29. Bf3# 1-0

[Event "Challenge"]
[Site "http://www.queenalice.com/game.php?id=1092957"]
[Date "2012.8.13"]
[Round "-"]
[White "weezul"]
[Black "gonzo655"]
[Result "1-0"]
[WhiteElo "1728"]
[BlackElo "1704"]

1. d4 d5 2. c4 e6 3. cxd5 Qxd5 4. Nc3 Qa5 5. Qa4+ Nc6 6. Qxa5 Nxa5 7. e4 Nf6 8.
Bd3 Bb4 9. Ne2 O-O 10. Bd2 Bd7 11. O-O c5 12. a3 Bxc3 13. Bxc3 Nb3 14. Rad1 Ba4
15. e5 Nd5 16. Nc1 Nxd4 17. Rd2 Nb3 18. Nxb3 Bxb3 19. Be4 Rad8 20. Rd3 b6 21.
Rh3 g6 22. Bd2 Bc4 23. Rc1 Bb5 24. g4 a5 25. Bg5 Rd7 26. b3 Nc7 27. f4 f5 28.
gxf5 exf5 29. Bb1 Ne6 30. Rg3 Nxg5 31. Rxg5 Rfd8 32. Bc2 Bd3 33. e6 Re7 34. Rd1
Rxe6 35. Rxd3 Rde8 36. Rd1 b5 37. Rg3 Re1+ 38. Rxe1 Rxe1+ 39. Kf2 Rc1 40. Bd3 c4
41. bxc4 bxc4 42. Bxf5 Kf8 43. Bd7 Ke7 44. Bb5 Rc2+ 45. Kg1 Kf6 46. Bd7 h5 47.
h4 Rc1+ 48. Kf2 Rc2+ 49. Ke1 Rh2 50. Be8 Kf5 51. Bf7 Rxh4 52. Bxg6+ Kxf4 53. Rc3
Kg5 54. Bf7 Rh1+ 55. Kf2 Kf4 56. Rxc4+ Kg5 57. Rc5+ Kf6 58. Bxh5 a4 59. Be8 Ra1
60. Rc3 Ke5 61. Bxa4 Kd4 62. Rb3 Kc4 63. Ke2 Ra2+ 64. Kd1 Rh2 65. Rb1 Rh1+ 66.
Kc2 Rh2+ 67. Kc1 Kc3 68. Rb3+ Kc4 69. Rg3 Rh1+ 70. Kd2 Kc5 71. Kc3 Ra1 72. Rg5+
Kb6 73. Kb4 Rb1+ 74. Bb3 Rc1 75. a4 Rc8 76. a5+ Ka7 77. Bc4 Rb8+ 78. Bb5 Rb7 79.
a6 Rb6 80. Ka5 Rf6 81. Rg7+ Ka8 82. Rc7 Kb8 83. Rc6 Rf7 84. Kb6 Re7 85. Rd6 Rb7+
86. Ka5 Rc7 87. Kb6 Kc8 88. a7 Rb7+ 89. Ka6 Rb6+ 90. Rxb6 1-0

[Event "Andre_ssp"]
[Site "http://www.queenalice.com/game.php?id=1093512"]
[Date "2012.8.15"]
[Round "1"]
[White "Renatogr90"]
[Black "weezul"]
[Result "1-0"]
[WhiteElo "1643"]
[BlackElo "1745"]

1. e4 c6 2. Bc4 d5 3. exd5 cxd5 4. Bb5+ Nc6 5. d4 a6 6. Ba4 Qa5+ 7. Nc3 Nf6 8.
Bxc6+ bxc6 9. Qf3 Bg4 10. Qf4 e6 11. f3 Bf5 12. Ne2 Rd8 13. O-O Bd6 14. Qg5 Qc7
15. Ng3 O-O 16. Nxf5 Bxh2+ 17. Kh1 exf5 18. Qxf5 Bg3 19. Bh6 gxh6 20. Qxf6 Qf4
21. Qxf4 Bxf4 22. Rfe1 Rfe8 23. Na4 Bd2 24. Rxe8+ 1-0

[Event "Challenge"]
[Site "http://www.queenalice.com/game.php?id=1096780"]
[Date "2012.8.26"]
[Round "-"]
[White "weezul"]
[Black "Omar"]
[Result "1/2-1/2"]
[WhiteElo "1721"]
[BlackElo "1728"]

1. d4 d5 2. Nf3 a6 3. Bd2 h6 4. e3 Nf6 5. Bd3 Ne4 6. Bxe4 dxe4 7. Ne5 e6 8. O-O
Be7 9. Nc3 Nd7 10. Qh5 Nxe5 11. Qxe5 O-O 12. Qxe4 Bf6 13. Rad1 Rb8 14. Na4 Qd7
15. Nc5 Qd5 16. Qxd5 exd5 17. Bb4 Re8 18. Rfe1 Be7 19. e4 b6 20. Nd3 a5 21. Bd2
dxe4 22. Rxe4 Bf5 23. Re3 Bf6 24. d5 Bxd3 25. Rxd3 Bxb2 26. Bc3 Ba3 27. Bd4 Bd6
28. c4 Re7 29. Rc1 Rbe8 30. g3 Re1+ 31. Rxe1 Rxe1+ 32. Kg2 Be5 33. Bxe5 Rxe5 34.
f4 Re2+ 35. Kf3 Rxa2 36. Rc3 Rb2 37. c5 b5 38. Rd3 Rc2 39. d6 cxd6 40. cxd6 Rc8
41. Ke4 f6 42. Kf5 Kf7 43. Rd5 Rd8 44. Rxb5 g6+ 45. Ke4 a4 46. Kd5 Ra8 47. Rb7+
Ke8 48. Kc6 Kd8 49. d7 Ra6+ 50. Kb5 Rd6 51. Kxa4 Rxd7 52. Rb6 Ke7 53. h4 h5 54.
Rb3 Rd5 55. Re3+ Kd6 56. Kb4 g5 57. Kc4 gxf4 58. gxf4 Rf5 59. Rd3+ Ke6 60. Rd4
Ra5 61. Kb4 Ra2 62. Kc4 Ra4+ 63. Kd3 Rxd4+ 64. Kxd4 Kf5 65. Ke3 Kg4 66. Ke4 f5+
67. Ke5 Kxh4 68. Kxf5 Kg3 69. Kg5 h4 70. f5 h3 71. f6 h2 72. f7 h1=Q 73. f8=Q
Qh4+ 74. Kg6 Qg4+ 75. Kf7 Qf4+ 76. Kg8 Qxf8+ 77. Kxf8 Kf4 78. Kf7 1/2-1/2

[Event "Challenge"]
[Site "http://www.queenalice.com/game.php?id=1100519"]
[Date "2012.9.7"]
[Round "-"]
[White "rovardo"]
[Black "weezul"]
[Result "1-0"]
[WhiteElo "1843"]
[BlackElo "1721"]

1. e4 c6 2. Nf3 d5 3. exd5 cxd5 4. Bb5+ Bd7 5. Bxd7+ Nxd7 6. O-O Ngf6 7. d3 e5
8. Bg5 Be7 9. Bxf6 Bxf6 10. Re1 e4 11. c3 O-O 12. dxe4 dxe4 13. Rxe4 Nc5 14.
Qxd8 Raxd8 15. Re3 Nd3 16. Na3 Nxb2 17. Rb1 Nd1 18. Re1 Nxc3 19. Rxb7 a5 20. Ra7
a4 21. h3 Nxa2 22. Rxa4 Bb2 23. Nc4 Bc3 24. Rxa2 Bxe1 25. Nxe1 Rfe8 26. Nf3 f6
27. g4 Rd3 28. Kg2 h6 29. h4 g5 30. h5 Rc8 31. Nb6 Rcc3 32. Ne1 Rh3 33. Nd5 Rb3
34. Nxf6+ Kf7 35. f3 Kxf6 36. Kxh3 Rb1 37. Ra6+ Kg7 38. Nd3 Rb3 39. Rg6+ Kf7 40.
Ne5+ Ke7 41. Rxh6 Re3 42. Nc6+ Kf7 43. Kg3 Kg7 44. Rg6+ Kh7 45. Rxg5 Kh6 46.
Rg6+ Kh7 47. g5 Rc3 48. Nd4 Rd3 49. Ne6 Rd6 50. Nf8+ Kh8 51. Rxd6 Kg8 52. Rf6
Kg7 53. h6+ Kh8 54. g6 Kg8 55. Ne6 Kh8 56. Rf8# 1-0

[Event "Challenge"]
[Site "http://www.queenalice.com/game.php?id=1115073"]
[Date "2012.10.22"]
[Round "-"]
[White "jdimas"]
[Black "weezul"]
[Result "1-0"]
[WhiteElo "1584"]
[BlackElo "1743"]

1. e3 e5 2. d4 Nc6 3. dxe5 Nxe5 4. f4 Ng6 5. h4 Nf6 6. g4 d5 7. g5 Ng4 8. Bh3
Qd7 9. Nf3 Bb4+ 10. c3 Bc5 11. Nh2 Qe6 12. Bxg4 Qe4 13. Bf3 Qe7 14. Bxd5 Nxf4
15. Rf1 Ng2+ 16. Bxg2 Bd7 17. Bd5 O-O-O 18. Rxf7 Qe5 19. Nf1 Be6 20. Bxe6+ Qxe6
21. Qf3 Rhg8 22. a4 h6 23. a5 a6 24. b4 Be7 25. Ba3 hxg5 26. hxg5 Bxg5 27. b5
Bh4+ 28. Ng3 Bxg3+ 29. Kf1 Qh3+ 30. Qg2 Rd1+ 31. Ke2 Qg4+ 32. Qf3 Re1+ 33. Kd2
Rd8+ 34. Kc2 Qa4+ 35. Kb2 Qxb5+ 36. Bb4 Qg5 37. Qf5+ Qxf5 38. Rxf5 Rxe3 39. Rf7
g5 40. Be7 Rd1 41. Bxg5 Re2+ 42. Kb3 Bd6 43. Rg7 b5 44. axb6 cxb6 45. c4 Be5 46.
Rg8+ Kb7 47. Nc3 Rg2 48. Rxd1 Rg3 49. Rc1 Kc6 50. Rg6+ Kc5 51. Be7+ Kd4 52. Rxg3
Bxg3 53. Ne2+ Ke3 54. Nxg3 Kd4 55. c5 bxc5 56. Bxc5+ 1-0

[Event "Challenge"]
[Site "http://www.queenalice.com/game.php?id=1122151"]
[Date "2012.11.14"]
[Round "-"]
[White "weezul"]
[Black "Omar"]
[Result "1-0"]
[WhiteElo "1710"]
[BlackElo "1761"]

1. d4 d5 2. c4 dxc4 3. e3 b5 4. Nc3 a6 5. Be2 Bb7 6. Nf3 h6 7. O-O e6 8. Re1 Be7
9. e4 Nf6 10. Qc2 O-O 11. Bf4 Bd6 12. e5 Nd5 13. Nxd5 Bxd5 14. exd6 cxd6 15. b3
Qc8 16. Rac1 Nd7 17. bxc4 bxc4 18. Bxd6 Re8 19. Ne5 Nb6 20. a4 Rd8 21. Bb4 a5
22. Bd2 Nd7 23. Nxc4 Qb7 24. Nxa5 Qb6 25. Nb3 Qxb3 26. Qd3 Qxa4 27. Bd1 Qa6 28.
Qg3 Kf8 29. Be2 Qa2 30. Qd3 Nf6 31. Bb4+ Kg8 32. Be7 Rdb8 33. Bxf6 gxf6 34. Qg3+
Kf8 35. Bh5 Ke7 36. Rc7+ Kf8 37. Rxf7+ Ke8 38. Qg8# 1-0

[Event "Let's Play Chess!"]
[Site "http://www.queenalice.com/game.php?id=1126037"]
[Date "2012.11.26"]
[Round "-"]
[White "Michael_G"]
[Black "weezul"]
[Result "1-0"]
[WhiteElo "1946"]
[BlackElo "1710"]

1. d4 d5 2. Nf3 a6 3. c4 Nf6 4. cxd5 Nxd5 5. e4 Nb6 6. Nc3 e6 7. a4 Bb4 8. a5
N6d7 9. Bg5 Be7 10. Bxe7 Qxe7 11. Bc4 O-O 12. O-O b6 13. axb6 cxb6 14. d5 b5 15.
Bxb5 Nb6 16. d6 Qd8 17. Be2 Ra7 18. e5 Nc6 19. Bd3 Rd7 20. Bxa6 Bxa6 21. Rxa6
Nb4 22. Nd4 Nxa6 23. Nc6 Qg5 24. f4 Qf5 25. Ne7+ Rxe7 26. dxe7 1-0

[Event "Challenge"]
[Site "http://www.queenalice.com/game.php?id=1129226"]
[Date "2012.12.7"]
[Round "-"]
[White "weezul"]
[Black "Omar"]
[Result "0-1"]
[WhiteElo "1728"]
[BlackElo "1725"]

1. d4 d5 2. c4 dxc4 3. e3 b5 4. b3 cxb3 5. Qxb3 a6 6. Be2 e6 7. Nf3 h6 8. O-O
Nf6 9. Nc3 Bb7 10. Bb2 Be7 11. Ne5 O-O 12. Rfd1 Bd5 13. Qc2 Bb7 14. Bd3 b4 15.
Ne2 a5 16. Nf4 Nbd7 17. Rac1 c5 18. Nxd7 Qxd7 19. dxc5 Qc6 20. Be4 Nxe4 21. Nh5
Nf6 22. Nf4 Nh5 23. Be5 Nxf4 24. f3 Ng6 25. Bd6 Rfd8 26. Bxe7 Nxe7 27. Rd4 Rxd4
28. exd4 Nd5 29. h3 Nc3 30. a3 Ba6 31. axb4 Ne2+ 32. Kh1 Nxc1 33. Qxc1 axb4 34.
Qd2 b3 35. Qb4 Qb5 0-1